000
00214nam a22000857a 4500
008
230710b |||||||| |||| 00| 0 eng d
020
_a
978142154884
100
_a
Kishimoto Masashi
_9
7689
245
_a
Naruto-Vol- 10-11-12
999
_c
12346
_d
12346